Seminario "evaluación de la puesta en marcha de la Ley sobre Transparencia, Control y Límite al gasto electoral" /

Detalles Bibliográficos
Autor Corporativo: Corporación Participa
Otros Autores: Delpiano, Catalina, coord
Formato: Libro
Lenguaje:español
Publicado: Santiago, Chile Instituto Interamericano de Derechos Humanos 2005
Materias:
Acceso en línea:

MARC

LEADER 00000cam a2200000 a 4500
001 011397
003 UAHC_CL
005 20170803120758.0
008 060425b2005 cl 000 spa
020 |a 9568140042 
040 |a UAHC_CL  |c UAHC_CL  |d UAHC_CL 
245 1 0 |a Seminario "evaluación de la puesta en marcha de la Ley sobre Transparencia, Control y Límite al gasto electoral" /  |c Coordinación Catalina Delpiano, Diego Cooper, Pedro Mujica, Corporación PARTICIPA. 
260 |b Instituto Interamericano de Derechos Humanos  |c 2005  |a Santiago, Chile 
300 |a 146 p. 
653 |a DERECHO 
653 |a CIENCIAS POLITICAS 
700 1 |a Delpiano, Catalina, coord. 
710 1 |a Corporación Participa 
900 |a 342.078 SEM 
942 |c BK 
952 |0 0  |1 0  |4 0  |6 342_078000000000000_SEM  |7 0  |8 General  |9 23139  |a BC  |b BC  |c General  |d 2017-08-03  |l 0  |o 342.078 SEM  |p 1353118  |r 2026-01-13 00:00:00  |t 1  |w 2017-08-03  |y BK 
952 |0 0  |1 0  |4 0  |6 342_078000000000000_SEM  |7 0  |8 General  |9 23140  |a BC  |b BC  |c General  |d 2017-08-03  |l 0  |o 342.078 SEM  |p 1353119  |r 2026-01-13 00:00:00  |t 2  |w 2017-08-03  |y BK 
952 |0 0  |1 0  |4 0  |6 342_078000000000000_SEM  |7 0  |8 General  |9 23141  |a BC  |b BC  |c General  |d 2017-08-03  |l 0  |o 342.078 SEM  |p 1353120  |r 2026-01-13 00:00:00  |t 3  |w 2017-08-03  |y BK 
952 |0 0  |1 0  |4 0  |6 342_078000000000000_SEM  |7 0  |8 General  |9 23142  |a BC  |b BC  |c General  |d 2017-08-03  |l 0  |o 342.078 SEM  |p 1353121  |r 2026-01-13 00:00:00  |t 4  |w 2017-08-03  |y BK 
999 |c 11397  |d 11397